Pokyny pre uchovanie štavnatých rastlín silážovaním

Bibliographic Details
Main Author: Dvořáček, Jozef (Author)
Format: Book
Language:Slovak
Published: Bratislava Oráč 1950
Edition:1. vyd.
Subjects:

MARC

LEADER 00000cam a2200000 a 4500
001 vtls008369659
003 SK-MaSNL
005 20260301075340.0
008 230403s1950 xo 000 0 slo
015 |a SNBA19451955-002316 
035 |a SK01SNKBKSFS20010061876 
035 |a urn:nbn:sk:snk-am3i023 
035 |a C50097E8-CEE3-4AE3-8B17-5A1C425BD5EC 
035 |a urn:nbn:sk:snk-am00df2l 
035 |a SKM000064339 
040 |a SNK  |b slo  |c SNK  |e AACR2 
041 0 |a slo 
044 |a xo  |c SK 
080 |a 633  |2 1981 
100 1 |a Dvořáček, Jozef  |4 aut  |9 399356 
245 1 0 |a Pokyny pre uchovanie štavnatých rastlín silážovaním  |c Jozef Dvořáček 
250 |a 1. vyd. 
260 |a Bratislava  |b Oráč  |c 1950  |e Bratislava  |f Pravda 
300 |a 13, [2] s.  |c V. 8° 
366 |e 4000 výtl. 
500 |a Vydalo Povereníctvo pôdohospodárstva v Oráči 
650 0 7 |a rastliny  |2 SNKPH  |9 690 
650 0 7 |a siláž  |2 SNKPH  |9 17715 
655 7 |a príručky  |2 SNKPH  |9 74364 
852 |a Slovenská národná knižnica 
954 |a odborná, vedecká literatúra pôvodná (slovenská)  |2 lita 
958 |a OND 
958 |a RK 
958 |a TL 
958 |a EUIPO 
999 |c 649913  |d 651843 
952 |a SNK  |b SNK  |y VYP  |7 0  |p 17A0532786  |o snkSD 7069 D1  |i snkVIII. 4138/50  |3 rekatalogizácia  |0 0  |1 0  |4 0  |d 2007-01-05  |l 0  |r 2026-02-23 18:19:28  |w 2026-02-23 
952 |a SNK  |b SNK  |y PREZ  |7 0  |p 17A0910676  |o snkSD 7069  |i snk5676/50  |0 0  |1 0  |4 0  |d 2019-10-21  |f 1  |l 0  |r 2025-11-17 00:00:00  |w 2026-02-23